000
00307nam a22001337a 4500
008
171016b xxu||||| |||| 00| 0 eng d
020
_a
9780393965711
041
_a
eng
080
_a
330.101.542
100
_a
52
101
_a
EKO
245
_a
PRINCIPLES OF MICRO-ECONOMICS
_c
BOADWAY, S
942
_2
udc
_c
BK
999
_c
34122
_d
34122